000 00686nam a22002057a 4500
005 20110902112840.0
010 _aG-001271
020 _a8190461627
_c195.00
035 _aG-001271
037 _bgift
082 _a954
100 _aSingh, Sangram.
_934142
245 _aIndia encircled /
_cSangram Singh.
260 _aPanchkula, HR.:
_bSwastik Prakashan,
_c2008
270 _aSCO 43, Ist Floor, Swastic Vihar, MDC
_bPanchkula
_e134113
_k9878893612
300 _a84 p. ;
_c 23 cm. (Hb)
942 _2ddc
_cEN
_h954
_mSIN
999 _c56206
_d56206